Fighting like a guerrilla : (Record no. 13807)

000 -LEADER
fixed length control field 01463cam a22003854a 4500
001 - CONTROL NUMBER
control field 15195427
005 - DATE AND TIME OF LATEST TRANSACTION
control field 20170105102839.0
008 - FIXED-LENGTH DATA ELEMENTS--GENERAL INFORMATION
fixed length control field 080116s2008 ii b 001 0 eng
010 ## - LIBRARY OF CONGRESS CONTROL NUMBER
LC control number 2008336646
020 ## - INTERNATIONAL STANDARD BOOK NUMBER
International Standard Book Number 0415456843
025 ## - OVERSEAS ACQUISITION NUMBER
Overseas acquisition number I-E-2008-336646; 63-91
035 ## - SYSTEM CONTROL NUMBER
System control number (IN-NdUBS)UBS08000113
037 ## - SOURCE OF ACQUISITION
Source of stock number/acquisition Library of Congress -- New Delhi Overseas Office
Terms of availability Rs595.00
040 ## - CATALOGING SOURCE
Original cataloging agency DLC
Transcribing agency DLC
Modifying agency DLC
042 ## - AUTHENTICATION CODE
Authentication code lcode
043 ## - GEOGRAPHIC AREA CODE
Geographic area code a-ii---
-- a-ce---
050 00 - LIBRARY OF CONGRESS CALL NUMBER
Classification number U241
Item number .R34 2008
082 ## - DEWEY DECIMAL CLASSIFICATION NUMBER
Classification number 355.0218
100 1# - MAIN ENTRY--PERSONAL NAME
Personal name Rajagopalan, Rajesh.
245 10 - TITLE STATEMENT
Title Fighting like a guerrilla :
Remainder of title the Indian Army and counterinsurgency /
Statement of responsibility, etc. Rajesh Rajagopalan.
260 ## - PUBLICATION, DISTRIBUTION, ETC.
Place of publication, distribution, etc. New Delhi :
Name of publisher, distributor, etc. Routledge,
Date of publication, distribution, etc. c2008.
300 ## - PHYSICAL DESCRIPTION
Extent 217 p. ;
Dimensions 23 cm.
490 0# - SERIES STATEMENT
Series statement Studies in war and international politics
504 ## - BIBLIOGRAPHY, ETC. NOTE
Bibliography, etc. note Includes bibliographical references (p. 189-205) and index.
650 #0 - SUBJECT ADDED ENTRY--TOPICAL TERM
Topical term or geographic name entry element Counterinsurgency
Geographic subdivision India.
650 #0 - SUBJECT ADDED ENTRY--TOPICAL TERM
Topical term or geographic name entry element Guerrilla warfare
Geographic subdivision India.
650 #0 - SUBJECT ADDED ENTRY--TOPICAL TERM
Topical term or geographic name entry element Guerrilla warfare
Geographic subdivision Sri Lanka.
650 #0 - SUBJECT ADDED ENTRY--TOPICAL TERM
Topical term or geographic name entry element Military doctrine
Geographic subdivision India.
856 41 - ELECTRONIC LOCATION AND ACCESS
Materials specified Table of contents
Uniform Resource Identifier <a href="http://www.loc.gov/catdir/toc/fy0804/2008336646.html">http://www.loc.gov/catdir/toc/fy0804/2008336646.html</a>
856 42 - ELECTRONIC LOCATION AND ACCESS
Materials specified Publisher description
Uniform Resource Identifier <a href="http://www.loc.gov/catdir/enhancements/fy0908/2008336646-d.html">http://www.loc.gov/catdir/enhancements/fy0908/2008336646-d.html</a>
856 42 - ELECTRONIC LOCATION AND ACCESS
Materials specified Contributor biographical information
Uniform Resource Identifier <a href="http://www.loc.gov/catdir/enhancements/fy1008/2008336646-b.html">http://www.loc.gov/catdir/enhancements/fy1008/2008336646-b.html</a>
906 ## - LOCAL DATA ELEMENT F, LDF (RLIN)
a 7
b cbc
c origode
d 3
e ncip
f 20
g y-gencatlg
942 ## - ADDED ENTRY ELEMENTS (KOHA)
Source of classification or shelving scheme
Koha item type Book
Holdings
Withdrawn status Lost status Damaged status Not for loan Collection code Permanent Location Current Location Shelving location Date acquired Total Checkouts Full call number Barcode Date last seen Price effective from Koha item type
          Centre for International Peace & Stability (CIPS) Centre for International Peace & Stability (CIPS) General Stacks 08/01/2013   355.0218 RAJ 2008 CIPS0000046 08/02/2013 01/05/2017 Book
© 2023 Central Library, National University of Sciences and Technology. All Rights Reserved.